| 000 | 00684nam a2200217Ia 4500 | ||
|---|---|---|---|
| 008 | 191130s1957##################000#0#eng## | ||
| 020 | _a9780691017044 | ||
| 022 | _a57005448 | ||
| 040 |
_aACL _cACL |
||
| 082 | _a321.6 KAN | ||
| 100 | _aKantorowicz, Ernst Hartwig | ||
| 245 |
_aThe king's two bodies; a study in mediaeval political theology _cby Ernst H. Kantorowicz |
||
| 260 |
_aPrinceton, NJ _bPrinceton University Press _c1957 |
||
| 300 | _axvi, 568 p. illus. 25 cm | ||
| 500 | _aBibliography: p. 517-530 | ||
| 650 | _aGreat Britain - Kings and rulers | ||
| 650 | _aKings and rulers | ||
| 990 | _a852921e0ac10000c7e167dda2417dc49 | ||
| 991 | _a196598 | ||
| 999 |
_c55358 _d55358 |
||